00427cam a22001097a 4500008004000000082001800040100001600058245014600074260005500220300000900275650003300284180718b1977 xxu||||| |||| 00| 0 eng d aR15x5421 Ar67 aArora, U.P. aNurturants of bonded labour: a survey report based on the study of bonded labour in six villages of Allahabad Districtcby U.P. Arora, et.al. aAllahabadbIndian Academy of Social Sciencesc1977 a56p. aBonded labour - India - U.P.